000 00302nam a22001337a 4500
008 171013b xxu||||| |||| 00| 0 eng d
020 _a2901412955927
041 _aeng
080 _a316
100 _a51
101 _aSOC
245 _aDEVELOPMENT AND SOCIAL CHANGE
_cMCMICHAEL, PH
942 _2udc
_cBK
999 _c33778
_d33778